000 00620nam a22001817a 4500
003 AUA.1
005 20251015091429.0
008 250702b |||||||| |||| 00| 0 eng d
040 _cJTL
100 _aMutai, Irene Jepkoech
245 _aDefault credentials threat for internet of things: A preventive approach to securing IoT critical infrastructure /
_cIrene Jepkoech Mutai.
260 _cc2024.
300 _ax, 58 leaves :
_bIllustrations :
_c30cm.
650 _aInternet of things
650 _aSoftware-defined networking
650 _aComputer security
942 _2aua
_cPROJECT
_hMACS
_i.M98 2024
999 _c25154
_d25154